000 00317nam a2200133Ia 4500
008 230917s9999||||xx |||||||||||||| ||und||
040 _e157789
_aMAIN
041 _aEnglish
082 _a970 H782H
245 0 _aHorizon. 6 (1); 1964
260 _aNew York
_bAmerican Horizon
_c1964
300 _a120 p.
942 _cBK
999 _c233137
_d233137